Pelicula de Marvel por la primera escena. - Estadísticas

Estadísticas generales
  • Esta prueba ha sido intentada 266 veces
  • La puntuación promedio es 6 de 18
Estadísticas de respuestas
Imagen Respuesta % Correcto
Iron Man 3
81%
Guardianes de la Galaxia
77%
Iron Man
52%
Shang-Chi
48%
Deadpool & Wolverine
37%
Los Vengadores: Infinity War
34%
Capitán América
31%
Capitán America: Civil War
27%
Thor
26%
Los Vengadores: La Era de Ultron
23%
Capitán América y el Soldado del Invierno
19%
Los Vengadores
18%
Ant-Man
17%
Doctor Strange
15%
Capitana Marvel
12%
Guardianes de la Galaxia Vol.2
12%
Pantera Negra
12%
Black Widow
9%
No se encontraron pruebas coincidentes
Distribución de puntuación
Porcentaje de gente con cada puntuación
Porcentaje por número respondido
Historial de tus puntuaciones
No has intentado esta prueba.